00258pam a2200109 a 4500020000500000041000500005082000900010100002900019245004000048260004900088300001100137 c h a5.72 aPEKOWSKY (Larne)eauthor aJAVA Server PageshTextual Document bAddison Wesley Publishing Co New York,c2000 aXV,282